Három nekrológ (Höffding, Le Bon, Marchesini)

Elmentve itt :
Bibliográfiai részletek
Szerző: Mester János
Adatforrás:Philobibl
Forrásdokumentuma:Athenaeum 1932/1-4
106-108. p.
Dokumentumtípus: Cikk
Nyelv:magyar
LEADER 00319nab a2200109 c 4500
001 bibDOK00012201
005 20200924120740.7
008 060518s1932 xx hun
100 1 |a Mester János 
245 1 0 |a Három nekrológ (Höffding, Le Bon, Marchesini)  |c Mester János 
500 |a nekrológ 
773 0 |t Athenaeum 1932/1-4  |g 106-108. p.